Normal view
MARC view
Entry Nome pessoal
001 - NÚMERO DE CONTROLE
- campo de controle: 555
003 - IDENTIFICADOR DO NÚMERO DE CONTROLE
- campo de controle: Br
005 - DATA E HORÁRIO DA ÚLTIMA TRANSAÇÃO
- campo de controle: 20250317143220.0
008 - CAMPO DE DADOS FIXOS
- campo de controle de tamanho fixo: 980909|| acnnnaab| aaaa d
035 ## - NÚMERO DE CONTROLE DO SISTEMA
- Número de Controle do Sistema: 98090914493763E19
040 ## - FONTE DA CATALOGAÇÃO
- Instituição da catalogação original: Br
- Instituição que transcreveu o registro: Br
- Convenções de cabeçalho de assunto/tesauros: Br
100 1# - CABEÇALHO--NOME PESSOAL
- Nome pessoal: Dumas, Alexandre,
- Datas associadas ao nome: 1802-1870.
670 ## - FONTE POSITIVA DOS DADOS
- Citação da fonte positiva dos dados: Autor de: Os três mosqueteiros. c1970.
670 ## - FONTE POSITIVA DOS DADOS
- Citação da fonte positiva dos dados: http://authorities.loc.gov 11/5/2009
- Dados encontrados na fonte localizada no subcampo: (D.)
670 ## - FONTE POSITIVA DOS DADOS
- Citação da fonte positiva dos dados: Larouse
- Dados encontrados na fonte localizada no subcampo: (escritor francês ; D.)
670 ## - FONTE POSITIVA DOS DADOS
- Citação da fonte positiva dos dados: Barsa
- Dados encontrados na fonte localizada no subcampo: (escritor francês, também chamado Dumas Pai ; D.)
670 ## - FONTE POSITIVA DOS DADOS
- Citação da fonte positiva dos dados: http://pt.wikipedia.org/wiki/Alexandre_Dumas,_pai
- Dados encontrados na fonte localizada no subcampo: (Alexandre Dumas, pai, nasceu em Villers-Cotterêts, em 24 de julho de 1802 e faleceu em Puys, em 5 de dezembro de 1870. Foi um romancista francês)
670 ## - FONTE POSITIVA DOS DADOS
- Citação da fonte positiva dos dados: http://catalogue.bnf.fr 11/5/2009
- Dados encontrados na fonte localizada no subcampo: (D.)